| 000 | 01015nam0a22003131 4500 | ||
|---|---|---|---|
| 001 | rc\4749946 | ||
| 005 | 20130417093815.9 | ||
| 021 |
_aRU _b[65-69050] |
||
| 035 | _a(NLR Aleph) 009009931 | ||
| 090 |
_a9360996 _c9360996 |
||
| 100 | _a20130417d1965 |||y0rusy50 ca | ||
| 101 | 0 | _arus | |
| 102 | _aRU | ||
| 105 | _aa z ||||| | ||
| 200 | 1 | _aЛесная энтомология | |
| 210 |
_aМосква _cЛесная пром-сть _d1965 |
||
| 215 |
_a359 с. _cил. _d22 |
||
| 300 | _aПеред загл. авт.: Н.Н. Падий, Д.Ф. Руднев, Б.В. Рывкин, Н.Н. Храмцов | ||
| 320 | _aБиблиогр.: с. 346-353 | ||
| 606 |
_aЛесная энтомология _2psbo |
||
| 701 | 1 |
_aРывкин _bБ. В. |
|
| 701 | 1 |
_aХрамцов _bН. Н. |
|
| 701 | 1 |
_aРуднев _bД. Ф. |
|
| 701 | 1 |
_aПадий _bН. Н. _gНиколай Николаевич |
|
| 801 | 0 |
_aRU _bNLR _gpsbo |
|
| 801 | 1 |
_aRU _bELAR _2rusmarc |
|
| 852 |
_aNLR _j65-5/4118 |
||
| 942 | _cBOOK | ||
| 980 | _aNB | ||